[Event "Rostock-B 15th"]
[White "Jaster, Robert"]
[Black "Liiv, Roger"]
[Site "Rostock"]
[Round "?"]
[Result "1-0"]
[Date "1989.??.??"]
[WhiteElo "2215"]
[BlackElo "2240"]
[PlyCount "89"]
[EventDate "1989.08.??"]
[EventType "swiss"]
[EventRounds "7"]
[EventCountry "DDR"]
[SourceTitle "EXT 2002"]
[Source "ChessBase"]
[SourceDate "2001.11.25"]
[SourceVersion "1"]
[SourceVersionDate "2001.11.25"]
[SourceQuality "1"]

1. d4 Nf6 2. Nf3 e6 3. c4 Bb4+ 4. Nc3 b6 5. Bg5 Bb7 6. e3 h6 7. Bh4 Bxc3+ 8. bxc3 d6 9. Nd2 e5 10. f3 Nbd7 11. Bd3 Qe7 12. e4 Nf8 13. Qa4+ Qd7 14. Qxd7+ N6xd7 15. Bf2 Ne6 16. a4 a5 17. g3 0-0 18. Be3 Rae8 19. 0-0 g5 20. Rab1 Ba6 21. Nb3 Kh8 22. Rfd1 Rb8 23. Na1 Ng7 24. h4 gxh4 25. gxh4 Kh7 26. f4 f6 27. Kh2 f5 28. exf5 Nf6 29. fxe5 Ng4+ 30. Kg3 Nxe3 31. f6+ Ngf5+ 32. Kf4 Nxd1 33. Rxd1 Kh8 34. Kxf5 dxe5 35. dxe5 Rbe8 36. Nc2 c5 37. Ne3 Bc8+ 38. Kf4 Bd7 39. Nd5 Rg8 40. Bf5 Bxf5 41. Kxf5 Rg2 42. Nf4 Rf2 43. f7 Rb8 44. e6 Kg7 45. Rg1+ 1-0